Rozbor faktorov konkurencieschopnosti vo vybranom podniku bakalárska práca

Saved in:
Bibliographic Details
Main Author: Turzáková, Daniela
Corporate Author: Fakulta podnikového manažmentu EU. Katedra manažmentu
Other Authors: Čambalíková, Andrea, 1990-
Format: Book
Language:Slovak
Published: Bratislava 2018
Tags: Add Tag
No Tags, Be the first to tag this record!

MARC

LEADER 00000nbm a2200000 4500
001 0244838
005 20180918145033.2
041 0 |a slo 
044 |a SK 
245 1 0 |a Rozbor faktorov konkurencieschopnosti vo vybranom podniku  |b bakalárska práca  |c Daniela Turzáková ; školiteľ: Andrea Čambalíková 
264 1 |a Bratislava  |c 2018 
300 |a 53 s. 
100 1 |a Turzáková, Daniela 
700 1 |a Čambalíková, Andrea, 1990- 
710 2 |a Fakulta podnikového manažmentu EU. Katedra manažmentu